Anthocyanins in fruits, vegetables, and grains / (Record no. 18582)
[ view plain ]
| 000 -LEADER | |
|---|---|
| fixed length control field | 00483pam a2200193 a 4500 |
| 020 ## - INTERNATIONAL STANDARD BOOK NUMBER | |
| ISBN | 0849301726 (alk. paper) |
| 040 ## - CATALOGING SOURCE | |
| Transcribing agency | DLC |
| 082 00 - DEWEY DECIMAL CLASSIFICATION NUMBER | |
| Classification number | 582 CRC 1993 C148 Or. |
| 100 1# - MAIN ENTRY--AUTHOR NAME | |
| Personal name | Mazza, G., |
| 245 10 - TITLE STATEMENT | |
| Title | Anthocyanins in fruits, vegetables, and grains / |
| 260 ## - PUBLICATION, DISTRIBUTION, ETC. (IMPRINT) | |
| Place of publication | Boca Raton : |
| Name of publisher | CRC Press, |
| Year of publication | c1993 |
| 300 ## - PHYSICAL DESCRIPTION | |
| Number of Pages | 362 p. : |
| Other physical details | ill. ; |
| Dimensions | 25 cm |
| 650 #0 - SUBJECT ADDED ENTRY--TOPICAL TERM | |
| Topical Term | Anthocyanins |
| 650 #0 - SUBJECT ADDED ENTRY--TOPICAL TERM | |
| Topical Term | Fruit |
| 650 #0 - SUBJECT ADDED ENTRY--TOPICAL TERM | |
| Topical Term | Vegetables |
| 650 #0 - SUBJECT ADDED ENTRY--TOPICAL TERM | |
| Topical Term | Grain |
| 700 10 - ADDED ENTRY--PERSONAL NAME | |
| Personal name | Miniati, E. |
| 942 ## - ADDED ENTRY ELEMENTS (KOHA) | |
| Koha item type | ADB |
| 952 ## - LOCATION AND ITEM INFORMATION (KOHA) | |
| Withdrawn status [LOCAL, KOHA] | 0 |
| Source of acquisition | Permanent Location | Date acquired | Koha item type | Lost status | Shelving location | Current Location | Full call number |
|---|---|---|---|---|---|---|---|
| A39435 | Library Block C | 2019-12-24 | សៀវភៅភាសាអង់គ្លេស | C148 | Library Block C | 582 CRC 1993 C148 Or. |